Song Lyrics: Rammstein - Dalai Lama - Statistics

General Stats
  • This quiz has been taken 173 times
  • The average score is 242 of 343
Answer Stats
Text % Correct
da,
96%
da
96%
der
92%
Der
92%
In
92%
in
92%
Wir
92%
wir
92%
Ein
91%
ein
91%
Kind.
91%
Kind
91%
Kind:
91%
Kind,
91%
Die
90%
die
90%
sind
90%
Das
87%
das
87%
zu
87%
ins
86%
Sie
86%
sie
86%
im
84%
Komm
84%
mit
84%
dem
82%
dir.
82%
Flugzeug
82%
hier!
82%
ist
82%
bleib
81%
bleib'
81%
den
81%
er
81%
gut,
81%
gut
81%
Himmel
81%
leben
81%
sich
81%
und
81%
Und
81%
Wind:
81%
Wind.
81%
Wind
81%
An
79%
an
79%
Mann
79%
müssen
79%
sterben.
79%
bis
78%
Verderben.
78%
nicht
77%
nicht?
77%
Weiter,
77%
weiter
77%
auch
75%
so
75%
Vater
74%
Mama.
73%
Abendwind.
71%
Brüder
71%
du
71%
her,
71%
Mensch
71%
sitzen
71%
warm
71%
sicher,
70%
auf
69%
Bord
69%
liegt
69%
Schlaf
69%
Stunden
69%
drei
68%
gehen
66%
klar.
66%
Luft,
66%
Seine
66%
zum
65%
diese
62%
aller
61%
Aus
61%
aus
61%
Donner
61%
Garn.
61%
König
61%
denn
60%
Hörst
60%
Kinde.
60%
mich
60%
mir
60%
Ohr.
60%
hat
58%
Hat
58%
kleine
58%
seinem
58%
gehört
57%
Wolken
57%
Druck
56%
will
56%
Winde,
56%
Bring'
55%
fest.
55%
Herr
55%
ruft.
55%
Kabine.
53%
Sicht
53%
Chor,
52%
es
51%
Zeit
51%
dieses
49%
spricht:
49%
Bringt
48%
Wiegenfeste
48%
schnell
47%
hält
44%
Menschenfracht.
44%
Nacht
44%
Nacht,
44%
verloren,
44%
kriecht
43%
Menschenkind.
43%
Seele
43%
fällt
42%
singt:
42%
Söhne
42%
Armen
40%
gepresst.
40%
Ohren.
40%
tropft
40%
uns
40%
noch
38%
drückt
36%
jetzt
36%
lacht,
36%
treibt
36%
nimm
35%
Panik
35%
schreit
35%
schüttelt
35%
setzt
35%
zurück
35%
dumpfes
34%
Herrgott
34%
Flugmaschine.
32%
wach
32%
Atemnot.
31%
Erden.
31%
Grollen
31%
Wolkentreiber
31%
kein
30%
springt
29%
Doch
27%
Erbarmen,
27%
sehr
27%
umarmt
27%
Sturm
26%
Widerhall
25%
Angst
22%
fleht
22%
kennt
22%
dessen
19%
unversehrt
19%
Bemerkt
14%
No matching quizzes found
Score Distribution
Percent of People with Each Score
Percentile by Number Answered
Your Score History
You have not taken this quiz